000 00752nam a2200133Ia 4500
008 171212s9999 xx 000 0 und d
020 _a9780833080479
100 _aBrennan, Richard R. Jr.;Ries, Charles P.;Hanauer, Larry;Connable, Ben;Kelly, Terrence K.
245 _cBrennan, Richard R. Jr.;Ries, Charles P.;Hanauer, Larry;Connable, Ben;Kelly, Terrence K.
_aEnding the U.S. War in Iraq
_bThe Final Transition, Operational Maneuver, and Disestablishment of United States Forces-Iraq
260 _bRAND Corporation
_c2013
650 _aIraq War, 2003-2011; Disengagement (Military science); Postwar reconstruction -- Iraq; United States -- Armed Forces -- Iraq
650 _aPolitical Science
856 _uhttp://www.jstor.org/stable/10.7249/j.ctt5hhwfg
999 _c352005
_d352005